| 000 | 00904nam a2200277 a 4500 | ||
|---|---|---|---|
| 001 | 63411 | ||
| 003 | BD-RjUL | ||
| 005 | 20211209081208.0 | ||
| 008 | 170130s1969 enka b 001 0 eng | ||
| 035 | _a(BD-RjUL)63540 | ||
| 040 |
_aICA _cICA _dBD-RjUL _beng |
||
| 041 | _aeng | ||
| 082 |
_223 _a821 _bBLC 1969 |
||
| 090 |
_aPR4141 _b.K42 1971 |
||
| 100 | 1 |
_aBlake, William, _d1757-1827. _9188666 |
|
| 245 | 1 | 0 |
_aComplete writings : _bwith variant readings / _cBlake ; edited by Geoffrey Keynes |
| 260 |
_aLondon : _bOxford University Press, _c1967 [Printing 1969] |
||
| 300 |
_axv, 944 p. : _bill ; _c21 cm. |
||
| 490 | 0 | _aOxford standard authors | |
| 504 | _aIncludes bibliographical references and index | ||
| 650 |
_aEnglish poetry _9179095 |
||
| 650 |
_aPoesÃa inglesa _vSiglo XIX. _9188667 |
||
| 700 | 1 |
_aKeynes, Geoffrey, _d1887-1982. _9187297 |
|
| 942 |
_2ddc _cBK |
||
| 999 |
_c63411 _d63411 |
||